Metodología para el diseño de estaciones de rebalse en sistemas de alcantarillado combinado

Gorde:
Xehetasun bibliografikoak
Egile nagusia: Orias Marchena, Luis Gustavo
Formatua: Liburua
Argitaratua: [San José, Costa Rica] 2002
Gaiak:
Etiketak: Etiketa erantsi
Etiketarik gabe, Izan zaitez lehena erregistro honi etiketa jartzen!

MARC

LEADER 00000nam a2200000Ia 4500
003 0008970
005 20221231144153.0
008 140114s2002 cr a m 000 ||s d
040 |c cru CEDI 
090 |a TFG 4532 
100 |a Orias Marchena, Luis Gustavo  |9 7307 
245 |a Metodología para el diseño de estaciones de rebalse en sistemas de alcantarillado combinado 
260 |c 2002  |a  [San José, Costa Rica] 
300 |a 138 hojas : ilustraciones (algunas a color), 2 mapas plegables,  
500 |a  Tesis (licenciatura en ingeniería civil)--Universidad de Costa Rica. Facultad de Ingeniería. Escuela de Ingeniería Civil 
650 |x DISPOSICION DE AGUAS RESIDUALES   |x CORRIENTES DE AGUA - MEDICIONES   |x ESTRUCTURAS HIDRAULICAS   |x INGENIERIA SANITARIA   |x INGENIERIA HIDRAULICA  |9 7308 
942 |c TFG 
999 |c 17909  |d 17909